| 000 | 00417 a2200157 4500 | ||
|---|---|---|---|
| 001 | 66229 | ||
| 082 | _a515.15 YUS | ||
| 090 |
_c38515 _d38515 |
||
| 100 | _aYusuf S M. | ||
| 245 |
_aKey to Calculus with Analytic Geometry _bsolution manual _cSM Yousuf |
||
| 260 |
_alahore _bIlmi Kital Khana _c2001 |
||
| 300 | _a865 p. | ||
| 500 | _aCFT textbook | ||
| 650 | _asolution manual | ||
| 740 | _ainstructor manual | ||
| 942 |
_aNUST CAE _cCFT _k515.15 YUS |
||
| 999 |
_c301302 _d301302 |
||